000 00641nam a2200277Ia 4500
005 20260324144305.0
008 008 260324s9999 xx 000 0 eng d
020 _a9780203778456
037 _aEBOOK
040 _aCRL
040 _beng
040 _cCRL
041 _2eng
041 _aeng
084 _qCRL
100 _aMary M. Gedo
_91218771
245 0 _aPsychoanalytic Perspectives on Art, V. 3
260 _bTaylor and Francis
260 _c1988
365 _a
365 _b120
856 _uhttp://www.taylorfrancis.com/books/9780203778456
942 _cEBOOK
999 _c1825216
_d1825216